000 00676nam a22002057a 4500
005 20140826123154.0
010 _aENG-110594
020 _a9780198090380
_c1145.00
020 _a0198090382
_c1145.00
035 _aEN-94126
037 _bDBAD/PUB
082 _a303.61
245 _aNon-violence :
_cedited by Bidyut Chakrabarty
_bchallenges and prospects /
260 _aNew Delhi
_bOxford University Press
_c2014
270 _aYMCA Library Building, 1 Jai Singh Road
_bNew Delhi
_e110001
300 _alxxvi,413p.
_c23cm(Hb)
500 _aIncludes bibliographical references and index
700 _aChakrabarty, Bidyut
942 _2ddc
_cEN
_mNON
_h303.61
999 _c87576
_d87576